| 000 | 01835cam a22004457a 4500 | ||
|---|---|---|---|
| 001 | 000093049 | ||
| 003 | CHAP | ||
| 005 | 20220817044005.0 | ||
| 008 | 050208d2004 mx d r 00110 spa d | ||
| 010 | _a89515 | ||
| 011 | _a90487 | ||
| 035 | _a101043 | ||
| 040 | _cCHAP | ||
| 090 | _aTesis | ||
| 100 | 0 | 0 |
_aGalindo Tijerina, Oscar Javier. _944312 |
| 245 | 1 | 3 |
_aLa integración de los mercados agrícolas entre México y Estados Unidos : _bpruebas econométricas a través del análisis de cointegración / _c/por Oscar Javier Galindo Tijerina. |
| 260 |
_aChapingo, Méx. : _bEl autor, _c2004. |
||
| 300 |
_a180 h. : _bgráfs. ; cuadros. |
||
| 502 | _aTesis (Dr en Ciencias en Economía Agrícola) -- UACH. División de Ciencias Económico Administrativas | ||
| 590 |
_aALEPH _b10 _c20130110 _lUCH01 _h1504 |
||
| 590 |
_aBATCH-UPD _b10 _c20130110 _lUCH01 _h0645 |
||
| 590 |
_aBATCH-UPD _b10 _c20130410 _lUCH01 _h0329 |
||
| 590 |
_aBATCH-UPD _b10 _c20130914 _lUCH01 _h1453 |
||
| 590 |
_aBATCH-UPD _b10 _c20140324 _lUCH01 _h1449 |
||
| 590 |
_aBATCH-UPD _b10 _c20141002 _lUCH01 _h0825 |
||
| 590 |
_aCONVERSION _b10 _c20130109 _lUCH01 _h1350 |
||
| 590 |
_aE12093SGE _b10 _c20130620 _lUCH01 _h0935 |
||
| 650 | 1 | 4 |
_aProductos agrícolas _xAspectos económicos _xE.U.A. _991908 |
| 650 | 1 | 4 |
_aProductos agrícolas _xAspectos económicos _zMéxico. _991919 |
| 650 | 1 | 4 |
_aProductos agrícolas _xMercadeo _xE.U.A. _991966 |
| 650 | 1 | 4 |
_aProductos agrícolas _xMercadeo _zMéxico. _991999 |
| 650 | 1 | 4 | _aTratado Trilateral de Libre Comercio. |
| 856 |
_3Finding aid _uhttp://10.13.5.2/tesis/101043.pdf _zTeclea aquí |
||
| 901 | _aBK | ||
| 905 | _aMarco A. Mendoza T. | ||
| 942 | _cCD | ||
| 942 | _n0 | ||
| 949 |
_aTesis _bBC _cTES _d1010431 _eTS1 _gDonaciØn _h43533 _i101043 _sb |
||
| 949 |
_aTesis _bBC _cTES _d33724000943536 _eTS2 _fc.2 _gDonaciØn _h43534 _i101043 _sb |
||
| 999 |
_c89515 _d89515 |
||